History Quiz

Random History or Famous Quiz

Birth Country Match II Quiz Stats

 Plays Quiz Updated Apr 13, 2015

Score 0/70 Timer 15:00
14 Plays Today
% Correct
John F. Kennedy
91.6%
Mark Twain
84.9%
Qin Shi Huang
81.1%
Jean-Paul Sartre
80%
Thomas Edison
79.5%
Louis XIV
78.9%
Margaret Thatcher
78.9%
Charles Dickens
77.6%
Hirohito
76.7%
Pyotr Ilyich Tchaikovsky
76.5%
Du Fu
76.5%
Isoroku Yamamoto
76.4%
Zhou Enlai
75.9%
Yoko Ono
75.7%
Confucius
75.7%
Anton Chekhov
75.7%
William Shakespeare
75.5%
Friedrich Nietzsche
74.3%
Steve Irwin
74.2%
Hugh Jackman
74%
Muhammad Ali
73.4%
Henry VIII
72.8%
Mahmoud Ahmadinejad
72%
Akira Kurosawa
71.5%
Albrecht Dürer
71.1%
Ayatollah Khomeini
70.8%
Peter the Great
70.2%
Valentina Tereshkova
69.8%
Victor Hugo
69.6%
Mohammed Reza Pahlavi
68.8%
Neil Young
68.4%
Rupert Murdoch
68.3%
Luciano Pavarotti
68.3%
Pancho Villa
67.8%
Michelangelo
66.4%
% Correct
Richard Wagner
66.4%
Vasco da Gama
66.3%
Nicholas II
66.1%
Emiliano Zapata
65.5%
Suleiman the Magnificent
65.4%
Moctezuma II
65.4%
Édith Piaf
64.8%
Ahmet Ertegün
64.4%
Cristiano Ronaldo
64.2%
Johannes Kepler
64.2%
Ferdinand Magellan
62.6%
Osman I
62.3%
Omar Khayyám
61.8%
Alexander Graham Bell
61.8%
Frida Kahlo
60.7%
Julius Caesar
60.2%
Empress Dowager Cixi
59.8%
Oda Nobunaga
59.6%
Frederick the Great
57%
Marco Polo
56.6%
Niccolò Machiavelli
55.9%
António de Oliveira Salazar
55%
Glenn Gould
52.7%
Lester B. Pearson
52.3%
Maurice Richard
49.4%
Henry the Navigator
42.9%
Robert Menzies
42.8%
Bruce Lee
41.9%
Howard Florey
41.3%
Justinian II
39.8%
Agustín de Iturbide
31.8%
Louis Riel
31.8%
Cyrus the Great
31.6%
Piri Reis
24.4%
Giuseppe Garibaldi
18.6%

You're not logged in!

Compare scores with friends on all Sporcle quizzes.
OR
Log In

Show Comments

Extras

Top Quizzes Today


Score Distribution

Your Account Isn't Verified!

In order to create a playlist on Sporcle, you need to verify the email address you used during registration. Go to your Sporcle Settings to finish the process.

Report this User

Report this user for behavior that violates our Community Guidelines.

Details: